| 000 | 00510nam a2200205Ia 4500 | ||
|---|---|---|---|
| 003 | IIN | ||
| 005 | 20240201143039.0 | ||
| 008 | 231217s9999 xx 000 0 und d | ||
| 020 |
_cRs.1885.00 _a9780323393225 |
||
| 040 |
_aIIN _bEnglish |
||
| 082 |
_a611 _bNET |
||
| 100 | 1 | _aNetter, Frank H. | |
| 245 | 2 |
_aAtlas of Human Anatomy _cFrank H. Netter |
|
| 250 | _a7th ed | ||
| 260 |
_bElsevier _aPhiladelphia _c2019 |
||
| 300 | _a535 p. | ||
| 650 | 1 | _aAnatomy | |
| 650 | 1 | _aHuman Anatomy | |
| 942 | _cBOOK | ||
| 999 |
_c77 _d77 |
||